Violet's tale - Ren (lyrics part 1) - Statistics

General Stats
  • This quiz has been taken 60 times
  • The average score is 311 of 368
Answer Stats
Answer % Correct
A
100%
City,
100%
Do
100%
Five
100%
I
100%
London
100%
Pretty,
100%
Two
100%
Zero
100%
Alive
98%
And
98%
Down
98%
Far
98%
From
98%
In
98%
Just
98%
Lady
98%
She
98%
Stay
98%
To
98%
Fighting
95%
Why
95%
Is
93%
Paddington
93%
The
93%
We
93%
But
90%
By
90%
He
90%
Her
90%
Quiet?"
90%
Quiet
90%
Quiet.
90%
Silent
90%
Silent,
90%
Silent.
90%
So
90%
Stays
90%
Violent
90%
Violent.
90%
Violet
90%
"Violet,
90%
"Violet?
90%
Violet?"
90%
Violet?
90%
Violet!"
90%
Violet..."
90%
You
90%
"You
90%
Always
88%
Blood
88%
Bone,
88%
Bone
88%
Bone.
88%
Father
88%
Fist
88%
Fucking
88%
"Fucking
88%
Girl
88%
Left
88%
Lying
88%
Me
88%
On
88%
Things
88%
This
88%
Turn
88%
Up
88%
Up!"
88%
Up.
88%
Was
88%
When
88%
You're
88%
At
85%
Boy
85%
Did
85%
He's
85%
His
85%
Knew.
85%
Knew
85%
Know
85%
Liar
85%
Like
85%
Little
85%
Met
85%
Mother
85%
Of
85%
Such
85%
Sure
85%
Them
85%
Bedroom
83%
Charm
83%
Comes
83%
Dance.
83%
Devil
83%
Door
83%
Drinker
83%
Every
83%
Eyelids
83%
Fists
83%
Folds
83%
For
83%
I'll
83%
I'm
83%
Named
83%
Never
83%
Night
83%
One
83%
Prick.
83%
Room.
83%
Say
83%
Slut
83%
Something
83%
Spare
83%
Stevie
83%
Think
83%
Bastard.
80%
Blue
80%
Chance.
80%
Character,
80%
Drinking
80%
Fast.
80%
Grew
80%
Itself
80%
Late.
80%
Out
80%
Repeats
80%
Sheets
80%
Sound
80%
Stained
80%
Stood
80%
Tale
80%
They
80%
Tight
80%
Tuck
80%
With
80%
Been
78%
Black
78%
Fell
78%
He'd
78%
History
78%
How
78%
Moved
78%
Paint
78%
Pilot.
78%
Pinches
78%
Semi
78%
Sixteen.
78%
Smoking
78%
That's
78%
Violet's
78%
Wanna
78%
Word,
78%
Bricks.
76%
Collar
76%
Connects
76%
Crashing
76%
Disconnects
76%
Eyes
76%
Flat,
76%
Mess
76%
Must
76%
Rewind
76%
See
76%
Shut.
76%
Blow.
73%
Bruised
73%
Fall
73%
Hit
73%
Not
73%
Paid
73%
Rhythmic
73%
Shakes.
73%
She's
73%
Throat.
73%
"Well
73%
Broke.
71%
Council
71%
Detached
71%
Detached.
71%
Hands
71%
Jaw
71%
Punches
71%
Silence.
71%
Stands
71%
Time
71%
"Wait...
71%
Crack
68%
Scene
68%
Scheme.
68%
Set
68%
Starts.
68%
Bedside,
66%
Full
66%
Misdirect
66%
Our
66%
Pickled
66%
Quick
66%
Welfare
66%
Tired
63%
Blown
61%
Force
61%
Irate.
61%
Paddywhack,
61%
Stacking
61%
Beeps
59%
Deflect
59%
Knack
59%
Knick
59%
Tooth
59%
Weeps
59%
Ah
56%
Hailstones
56%
Jars
56%
Nonetheless
56%
Shelves
56%
Packing
54%
Spat
51%
Splat
51%
Tesco's
51%
Wrong'un
44%
Pale
10%
No matching quizzes found
Score Distribution
Percent of People with Each Score
Percentile by Number Answered
Your Score History
You have not taken this quiz